Tilastot visalle Bosnia ja Hertsegovina -visa

Klikkaa tästä pelataksesi tätä visaa!

Yleistilastot

  • Tätä visaa on pelattu 284 kertaa
  • Keskiarvotulos 10 / 16

Vastaustilastot

VihjeVastaus% Oikein
PääkaupunkiSarajevo
97%
NaapurimaatKroatia
96%
NaapurimaatSerbia
96%
NaapurimaatMontenegro
93%
Valtio, johon Bosnia ja Hertsegovina kuului 1918–1992Jugoslavia
92%
Tuossa kaupungissa vuonna 1984 järjestetty tapahtumaTalviolympialaiset
82%
Niemimaa, jolla Bosnia ja Hertsegovina sijaitseeBalkanin niemimaa
80%
Bosnia ja Hertsegovinalla on noin 20 km rantaviivaa tämän meren rannallaAdrianmeri
77%
Vuonna 1463 Bosnian valloittanut valtakuntaOsmanien valtakunta
67%
Suuren osan maasta peittävä vuoristoDinaariset {Alpit}
55%
Vuonna 1995 päättynyt sotaBosnian sota
48%
ValuuttaVaihdettava {markka}
44%
Hertsegovinan alueen suurin kaupunki, jossa sijaitseva silta on maailmanperintökohdeMostar
34%
Bosnia-Hertsegovinan federaation ohella toinen suuri valtion muodostava poliittinen kokonaisuusSerbitasavalta
31%
Bosnia ja Hertsegovinan toiseksi suurin kaupunkiBanja Luka
30%
Pohjoisen rajan muodostava jokiSava
26%

Tulosjakauma

Persentiili vastausten määrän mukaan

Jokaisen tuloksen saaneiden osuus

Tuloshistoriasi

Et ole pelannut tätä visaa